Villes de France en 16 & 17 lettres - Carte Quiz - Statistiques

Statistiques générales
  • Ce quiz a été pris 466 fois
  • Le résultat moyen est 11 sur 15
Réponses sur la Carte
Les réponses sont colorées sur une échelle allant du rouge au vert en fonction du pourcentage des utilisateurs qui les ont devinées à leur premier essai. Vous pouvez retrouver ces pourcentages ci-dessous.
 
Statistiques - réponses
Réponse % Correct
Le Mont-Saint-Michel
94%
Chamonix-Mont-Blanc
92%
Les Sables d'Olonne
91%
Issy-les-Moulineaux
88%
Brive-la-Gaillarde
80%
Saint-Dié-des-Vosges
80%
Vandœuvre-lès-Nancy
78%
Canet-en-Roussillon
77%
Villeneuve-sur-Lot
76%
Six-Fours-les-Plages
73%
Montceau-les-Mines
62%
Villers-Cotterêts
60%
Oloron-Sainte-Marie
59%
Tassin-la-Demi-Lune
54%
Saint-Martin-d'Hères
46%
Aucun quiz correspondant
Distribution des résultats
% des personnes avec chaque résultat
Percentile par nombre de réponses
Votre historique - résultats
Vous n’avez pas pris ce quiz